Les gares TGV en France sur une carte - Statistiques

Statistiques générales
  • Ce quiz a été pris 2 694 fois
  • Le résultat moyen est 83 sur 182
Réponses sur la Carte
Les réponses sont colorées sur une échelle allant du rouge au vert en fonction du pourcentage des utilisateurs qui les ont devinées à leur premier essai. Vous pouvez retrouver ces pourcentages ci-dessous.
 
Statistiques - réponses
Région Réponse % Correct
Provence-Alpes-Côte d'Azur Marseille-Saint-Charles
86%
Ile-de-France Paris-Nord
86%
Nouvelle-Aquitaine Bordeaux-Saint-Jean
85%
Ile-de-France Paris-Gare-de-Lyon
85%
Provence-Alpes-Côte d'Azur Nice-Ville
84%
Ile-de-France Paris-Est
83%
Grand Est Strasbourg-Ville
83%
Occitanie Toulouse-Matabiau
83%
Pays de la Loire Nantes
82%
Bretagne Brest
81%
Bretagne Rennes
81%
Ile-de-France Paris-Montparnasse
80%
Normandie Rouen-Rive-Droite
78%
Normandie Le Havre
77%
Bourgogne-Franche-Comté Dijon-Ville
76%
Grand Est Metz-Ville
76%
Grand Est Nancy-Ville
75%
Occitanie Perpignan
75%
Provence-Alpes-Côte d'Azur Toulon
75%
Hauts-de-France Dunkerque
73%
Auvergne-Rhône-Alpes Lyon-Part-Dieu
73%
Centre-Val-de-Loire Tours
73%
Nouvelle-Aquitaine La Rochelle-Ville
72%
Bretagne Quimper
72%
Auvergne-Rhône-Alpes Aix-les-Bains - Le Revard
71%
Pays de la Loire Le Mans
71%
Grand Est Mulhouse-Ville
71%
Occitanie Nîmes
71%
Provence-Alpes-Côte d'Azur Cannes
70%
Grand Est Reims
70%
Hauts-de-France Amiens
69%
Pays de la Loire Angers-Saint-Laud
69%
Nouvelle-Aquitaine Bayonne
68%
Grand Est Colmar
68%
Auvergne-Rhône-Alpes Grenoble
68%
Nouvelle-Aquitaine Pau
68%
Auvergne-Rhône-Alpes Lyon-Perrache
67%
Nouvelle-Aquitaine Poitiers
67%
Auvergne-Rhône-Alpes Annecy
66%
Nouvelle-Aquitaine Biarritz
66%
Hauts-de-France Lille-Europe
66%
Bretagne Lorient
65%
Bretagne Saint-Malo
65%
Auvergne-Rhône-Alpes Chambéry - Challes-les-Eaux
64%
Auvergne-Rhône-Alpes Saint-Étienne-Châteaucreux
64%
Bretagne Vannes
64%
Hauts-de-France Lille-Flandres
63%
Ile-de-France Marne-la-Vallée - Chessy
62%
Ile-de-France Versailles-Chantiers
61%
Bourgogne-Franche-Comté Belfort - Montbéliard TGV
60%
Occitanie Béziers
60%
Occitanie Narbonne
60%
Pays de la Loire Saint-Nazaire
60%
Pays de la Loire Laval
59%
Nouvelle-Aquitaine Arcachon
58%
Hauts-de-France Arras
58%
Bretagne Saint-Brieuc
57%
Hauts-de-France Lens
56%
Auvergne-Rhône-Alpes Valence TGV
56%
Nouvelle-Aquitaine Angoulême
55%
Occitanie Carcassonne
55%
Hauts-de-France Boulogne-Ville
54%
Occitanie Tarbes
54%
Ile-de-France Aéroport Charles-de-Gaulle 2 TGV
53%
Provence-Alpes-Côte d'Azur Avignon TGV
53%
Occitanie Montauban-Ville-Bourbon
53%
Provence-Alpes-Côte d'Azur Antibes
52%
Nouvelle-Aquitaine Dax
52%
Hauts-de-France Roubaix
52%
Occitanie Sète
52%
Provence-Alpes-Côte d'Azur Arles
51%
Nouvelle-Aquitaine Hendaye
51%
Pays de la Loire La Roche-sur-Yon
51%
Ile-de-France Massy TGV
51%
Hauts-de-France Tourcoing
51%
Hauts-de-France Valenciennes
51%
Nouvelle-Aquitaine Agen
50%
Provence-Alpes-Côte d'Azur Aix-en-Provence TGV
50%
Grand Est Charleville-Mézières
50%
Auvergne-Rhône-Alpes Lyon-Saint-Exupéry TGV
49%
Occitanie Montpellier-Saint-Roch
49%
Nouvelle-Aquitaine Niort
49%
Auvergne-Rhône-Alpes Bourg-en-Bresse
48%
Centre-Val-de-Loire Saint-Pierre-des-Corps
48%
Provence-Alpes-Côte d'Azur Hyères
47%
Ile-de-France Mantes-la-Jolie
47%
Provence-Alpes-Côte d'Azur Orange
46%
Hauts-de-France Douai
44%
Pays de la Loire Les Sables-d'Olonne
44%
Occitanie Lourdes
44%
Auvergne-Rhône-Alpes Évian-les-Bains
43%
Nouvelle-Aquitaine Saint-Jean-de-Luz - Ciboure
43%
Grand Est Thionville
43%
Auvergne-Rhône-Alpes Annemasse
42%
Grand Est Épinal
42%
Ile-de-France Massy-Palaiseau
42%
Auvergne-Rhône-Alpes Montélimar
42%
Grand Est Champagne-Ardenne TGV
41%
Bourgogne-Franche-Comté Le Creusot-Montceau-Montchanin
41%
Occitanie Montpellier-Sud-de-France
41%
Bretagne Morlaix
41%
Provence-Alpes-Côte d'Azur Saint-Raphaël-Valescure
41%
Occitanie Agde
40%
Grand Est Lorraine TGV
40%
Bretagne Guingamp
39%
Pays de la Loire La Baule-Escoublac
39%
Grand Est Sedan
39%
Auvergne-Rhône-Alpes Valence-Ville
39%
Nouvelle-Aquitaine Futuroscope
38%
Provence-Alpes-Côte d'Azur Les Arcs - Draguignan
38%
Bourgogne-Franche-Comté Chalon-sur-Saône
37%
Bourgogne-Franche-Comté Dole-Ville
37%
Hauts-de-France Étaples - Le Touquet
37%
Auvergne-Rhône-Alpes Albertville
36%
Grand Est Bar-le-Duc
36%
Grand Est Châlons-en-Champagne
36%
Bretagne Lannion
36%
Nouvelle-Aquitaine Libourne
36%
Grand Est Meuse TGV
36%
Auvergne-Rhône-Alpes Thonon-les-Bains
36%
Bourgogne-Franche-Comté Beaune
35%
Centre-Val-de-Loire Vendôme-Villiers-sur-Loir
35%
Grand Est Sélestat
34%
Hauts-de-France TGV Haute-Picardie
34%
Provence-Alpes-Côte d'Azur Avignon-Centre
33%
Auvergne-Rhône-Alpes Bourg-Saint-Maurice
33%
Bretagne Quimperlé
33%
Bretagne Redon
33%
Bourgogne-Franche-Comté Besançon-Viotte
32%
Hauts-de-France Béthune
32%
Hauts-de-France Calais-Ville
31%
Occitanie Nîmes-Pont-du-Gard
31%
Pays de la Loire Saumur
31%
Grand Est Forbach
30%
Pays de la Loire Le Croisic
30%
Bourgogne-Franche-Comté Mâcon-Loché TGV
30%
Hauts-de-France Calais-Fréthun
29%
Bourgogne-Franche-Comté Mâcon-Ville
29%
Grand Est Saint-Dié-des-Vosges
29%
Auvergne-Rhône-Alpes Saint-Jean-de-Maurienne - Vallée de l'Arvan
28%
Bretagne Auray
27%
Auvergne-Rhône-Alpes Modane
27%
Bretagne Vitré
27%
Nouvelle-Aquitaine La Teste
26%
Pays de la Loire Sablé-sur-Sarthe
26%
Grand Est Sarrebourg
26%
Bourgogne-Franche-Comté Besançon Franche-Comté TGV
25%
Nouvelle-Aquitaine Châtellerault
25%
Provence-Alpes-Côte d'Azur Miramas
25%
Grand Est Lunéville
24%
Grand Est Saverne
24%
Auvergne-Rhône-Alpes Aime-La Plagne
23%
Bourgogne-Franche-Comté Montbard
23%
Pays de la Loire Ancenis
22%
Auvergne-Rhône-Alpes Bellegarde
22%
Nouvelle-Aquitaine Orthez
22%
Pays de la Loire Pornichet
22%
Bretagne Dol-de-Bretagne
21%
Hauts-de-France Hazebrouck
21%
Bretagne Landerneau
21%
Auvergne-Rhône-Alpes Moûtiers - Salins - Brides-les-Bains
21%
Grand Est Remiremont
21%
Grand Est Rethel
19%
Auvergne-Rhône-Alpes Sallanches-Combloux-Megève
19%
Bretagne Lamballe
18%
Auvergne-Rhône-Alpes Cluses
17%
Hauts-de-France Rang-du-Fliers - Verton
17%
Auvergne-Rhône-Alpes Saint-Gervais-les-Bains - Le Fayet
17%
Nouvelle-Aquitaine Surgères
17%
Hauts-de-France Croix-Wasquehal
15%
Nouvelle-Aquitaine Saint-Maixent
15%
Grand Est Vitry-le-François
15%
Bourgogne-Franche-Comté Frasne
14%
Bretagne Rosporden
14%
Auvergne-Rhône-Alpes Landry
12%
Bourgogne-Franche-Comté Mouchard
12%
Bretagne Plouaret-Trégor
12%
Nouvelle-Aquitaine Facture-Biganos
11%
Pays de la Loire Le Pouliguen
11%
Auvergne-Rhône-Alpes Nurieux
9%
Auvergne-Rhône-Alpes Saint-Michel-Valloire
8%
Auvergne-Rhône-Alpes Saint-Avre - La Chambre
6%
Aucun quiz correspondant
Distribution des résultats
% des personnes avec chaque résultat
Percentile par nombre de réponses
Votre historique - résultats
Vous n’avez pas pris ce quiz